LEADER 01209nam a2200229 i 4500 001 000000201695 003 CaOOAMICUS 005 20110504000000.0 008 110504s1925 it u000 u ita u 013 $a180401 040 $aSeMil$bita 100 1 $aDecoppet, Paolo.$0(OLS)http://semarc/name/72881 245 12$aL'orto di famiglia ossia la coltivazione pratica degli Ortaggi e Legumi :$bcol calendario delle semine mensili ornato da 100 e pił accurate vignette delle principali specie /$cCompilato da Paolo Decoppet. 250 $a9. ed. 260 $aMilano :$bDitta Paolo Decoppet,$c1925. 300 $a240 p., [4] p. di tav. :$bill. ;$c16 cm. 650 4$aOrtaggi - Coltivazione.$0(OLS)http://semarc/subject/37876 650 4$aLegumi - Coltivazione.$0(OLS)http://semarc/subject/37877 850 $aSeMil 852 $aSeMil$W1$xVenegono$y1$m3W I 351$j152221$B152221$CSeMilBibl$Z2$F163366 $81 996 $6245$aL'orto di famiglia ossia la coltivazione pratica degli Ortaggi e Legumi :$bcol calendario delle semine mensili ornato da 100 e pił accurate vignette delle principali specie$9(OLS)http://semarc/title/291908 996 $6260$aMilano :$bDitta Paolo Decoppet$9(OLS)http://semarc/publisher/51653 LEADER 01278nam a2200289 i 4500 001 000000114252 003 CaOOAMICUS 005 20030414000000.0 008 030414s1987 it u000 u ita u 013 $a86938 020 $a88-7016-052-1 040 $aSeMil$bita 100 1 $aCorsani, Bruno,$d<1924-2008>.$0(OLS)http://semarc/name/841 245 12$aL'Apocalisse :$bguida alla lettura dell'ultimo libro della Bibbia /$cBruno Corsani. 260 $aTorino :$bClaudiana,$ccopyr. 1987. 300 $a185 p. ;$c22 cm. 490 0 $aParola per l'uomo d'oggi ;$v5 500 $aContiene : Nota bibliografica. - Fondo Card. C.M. Martini. 650 4$aBibbia. Nuovo Testamento. Apocalisse - Commentari, studi, critica, interpretazioni.$0(OLS)http://semarc/subject/1763 830 0$aParola per l'uomo d'oggi ;$v5.$0(OLS)http://semarc/title/10648 850 $aSeMil 852 $aSeMil$W1$xVenegono$y1$m2Y II 73$j69836$B69836$CSeMilBibl$Z2$F80775 $81 941 1 $a4 961 $aOmaggio: Martini Card. Carlo Maria 996 $6020$a88-7016-052-1$9(OLS)http://semarc/number/97468 996 $6245$aL'Apocalisse :$bguida alla lettura dell'ultimo libro della Bibbia$9(OLS)http://semarc/title/166934 996 $6260$aTorino :$bClaudiana$9(OLS)http://semarc/publisher/29837